000 006750000a22002170004500
090 _aAR
_b02201
245 1 0 _aLinkages between phosphorus transformations and carbon decomposition in a forest soil
650 1 4 _aBosques
_992270
650 1 4 _aSuelos
_9287
650 1 4 _aCiclo de nutrientes
_97536
650 1 4 _aBiogeoquímica
_97715
651 4 _dCalifornia
_pEstados Unidos
_992749
041 0 _aInglés
700 1 _aMcColl, J. G.
_995693
700 1 _aPreston, Caroline M.
_995702
700 1 _aNewman, Roger H.
_995703
700 1 _aPowers, Robert F.
_995704
100 1 _aGressel, Noam
_995705
942 _cARTICULO
773 1 _tBiogeochemistry
_31191
_q97-123
_d1996
_g33
999 _c11273
_d11273